| 000 | 00567nam a2200193 i 4500 | ||
|---|---|---|---|
| 001 | bgj | ||
| 100 | 1 | _aWETZ, Ben | |
| 245 | 1 | 0 |
_aAdventures : _bpodręcznik dla gimnazjum : student's book : pre-intermediate / _cBen Wetz. |
| 260 |
_aOxford : _bOxford University Press, _c2004. |
||
| 300 |
_a128, [1] pp : _bill. ; _c28 cm. |
||
| 650 | 9 |
_aEnglish language _xPre-intermediate |
|
| 655 | _aTextbooks for foreigners | ||
| 020 | _a0194703819 | ||
| 040 | _cBPK | ||
| 041 | 0 | _aeng | |
| 920 | _a0-19-470381-9 | ||
| 942 | _cKS | ||
| 008 | s uk f |000 0 eng | ||
| 999 |
_c49073 _d49073 |
||